00455nam a22001574a 450000500170000002000270001703700250004408200130006924500740008225000130015626000460016927000130021530000310022850000200025970000180027920100909161010.0 a9780192632715c1295.00 bAbilash Book Centre 00a617.102710aSports injuries:cedited by M.A. Hutsonbrecognition and management / a3rd ed.  bOxford University Press,c2001aNew York  bNew York a251p. bphotos c26cm(Hb)  aIncludes index  aHutson, M.A.